|
|
|
|
| LEADER |
00000nab a2200000ua 4500 |
| 001 |
vtls010796455 |
| 003 |
SK-MaSNL |
| 005 |
20260303183003.0 |
| 008 |
230222s2011 xo |||||||||||||||||eng| |
| 035 |
|
|
|a (urnnbn)urn:nbn:sk:snk:ar-a01j9v
|
| 035 |
|
|
|a (uuid)4f451ddb-3f1e-40fd-be40-f0ec31fb87d3
|
| 035 |
|
|
|a urn:nbn:sk:snk-ab4esi
|
| 040 |
|
|
|a SNKBUCL
|b slo
|c SNKBUCL
|e AACR2
|
| 041 |
0 |
|
|a eng
|
| 044 |
|
|
|a xo
|c SK
|
| 100 |
1 |
|
|a Suciu, C.
|4 aut
|9 1173458
|
| 245 |
1 |
0 |
|a RAW MATERIAL FOR POWDER METALLURGY OBTAINED FROM ENVIRONMENTAL IRON HYDROXIDES
|c C. Suciu, D. F. Muntean, G. Arghir, I. Petean, L. Muresan
|
| 700 |
1 |
|
|a Muntean, D. F.
|4 aut
|9 1211654
|
| 700 |
1 |
|
|a Arghir, G.
|4 aut
|9 1172004
|
| 700 |
1 |
|
|a Petean, I.
|4 aut
|9 1172005
|
| 700 |
1 |
|
|a Muresan, L.
|4 aut
|9 1211655
|
| 773 |
0 |
|
|t Powder metallurgy progress : journal of science and technology of particle materials
|g Roč. 11, č. 3 - 4 (2011), s. 340-346
|
| 958 |
|
|
|a OND
|
| 958 |
|
|
|a EUIPO
|
| 958 |
|
|
|a article3
|
| 999 |
|
|
|c 2118924
|d 2120854
|